Επιχείρηση και περιβάλλον
Αποθηκεύτηκε σε:
| Κύριος συγγραφέας: | |
|---|---|
| Μορφή: | Βιβλίο |
| Γλώσσα: | Greek |
| Δημοσίευση: |
Αθήνα :
Gutenberg,
[χ.χ.]
|
| Θέματα: | |
| Ετικέτες: |
Προσθήκη ετικέτας
Δεν υπάρχουν, Καταχωρήστε ετικέτα πρώτοι!
|
MARC
| LEADER | 00000nam a2200000 i 4500 | ||
|---|---|---|---|
| 001 | 1/75004 | ||
| 008 | 960729q19501987 gre d | ||
| 035 | |a 1987 |c Αγορά |l 10032002 | ||
| 040 | |a GR-MY-UA |b gre |e aacr | ||
| 041 | 0 | |a gre | |
| 082 | 0 | |a 658.001 | |
| 100 | 1 | |a Ξουρής, Δημήτρης. | |
| 245 | 1 | 0 | |a Επιχείρηση και περιβάλλον / |c Δημήτρης Ξουρής |
| 260 | |a Αθήνα : |b Gutenberg, |c [χ.χ.] | ||
| 300 | |a 255 σ. | ||
| 650 | 0 | 0 | |a Business. |
| 650 | 0 | 0 | |a Management. |
| 852 | |a INST |b RHODES |e 19960729 |h 658.001 ΞΟΥ |p 005400000893 |q 005400000893 |t BK |y 0 | ||
| 909 | |a Ρ |b 006960 |c 1987 | ||